00650nam a22001937a 4500003000400000005001700004008004100021020002200062040000900084082002000093100001400113245001700127260002900144300000900173650012100182942000900303952012500312999001900437OSt20250702150049.0250702b |||||||| |||| 00| 0 eng d a978-93-5732-015-3 cSBCL a894.8123bJEY-M aJeyamohan aMatanmoksham aKottayambDC Booksc2024 a96p. 2Literature (Belles-lettres) and rhetoric aLiteratures of other languages vAltaic, Uralic, Hyperborean & Dravidian  cBOOK 00102ddc4070aSBCLbSBCLc2d2025-07-02l1o894.8123 JEY-Mp142846r2026-01-20 11:46:35s2026-01-05w2025-07-02yBOOK c137194d137194